Chansons de "Sincèrement" - Hamza - Mort subite - Statistiques

Statistiques générales
  • Ce quiz a été pris 166 fois
  • Le résultat moyen est 8 sur 10
Answers on the Grid
Answers color-coded by a green-red scale on the quiz's grid according to % correct below.
Introduction
Ma Réalité
Au Bout de la Nuit
Only U
Tsunami
Codéine 19
Murder
Nocif
I Love U
Sincèrement
Mi Amor
Life
1994
Love Break
KYKY2BONDY
Lalla
Oseille
Fake Friends
Tu Me Donnes Des Idées
Slowdown
 
Statistiques - réponses
Réponse % Correct
Ma Réalité
88%
Only U
87%
Sincèrement
87%
Codéine 19
86%
Murder
84%
Introduction
82%
Nocif
82%
Au Bout de la Nuit
81%
Tsunami
79%
I Love U
77%
Aucun quiz correspondant
Distribution des résultats
% des personnes avec chaque résultat
Percentile par nombre de réponses
Votre historique - résultats
Vous n’avez pas pris ce quiz